| 000 | 00499nam a22001337a 4500 | ||
|---|---|---|---|
| 080 | _a341.123 N 68 | ||
| 110 | _aNaciones Unidas | ||
| 245 |
_aDocumentos para la Paz _bextractos de los escritos y discursos de U Thant. Secretario General de las Naciones Unidas sobre asuntos de importancia mundial 1961-1968 |
||
| 260 |
_aNueva York _bNaciones Unidas _cS.F |
||
| 300 | _a125 p. | ||
| 650 |
_xnaciones unidas _xpaz _xviet-nam _xchecoslovaquia _xconflictos armados |
||
| 945 |
_asa _d2014-11-14 |
||
| 999 |
_c2701 _d233205 |
||
| 942 | _6_ | ||